Les pays avec le plus d'IKEA. - Statistiques

Statistiques générales
  • Ce quiz a été pris 768 fois
  • Le résultat moyen est 18 sur 27
Statistiques - réponses
Nombre de magasin Pays % Correct
36 France
98%
52 Etats-Unis
95%
30 Espagne
94%
20 Suède
93%
55 Allemagne
92%
23 Italie
88%
37 Chine
86%
15 Canada
84%
7 Norvège
82%
22 Royaume Uni
81%
12 Japon
80%
11 Pologne
77%
9 Suisse
77%
8 Belgique
76%
2 Mexique
74%
13 Pays-Bas
69%
10 Australie
68%
8 Autriche
64%
5 Inde
62%
4 Corée du Sud
56%
7 Turquie
49%
7 Indonésie
36%
4 Arabie saoudite
31%
1 Estonie
31%
3 Egypte
27%
7 Israel
17%
7 Taiwan
14%
Aucun quiz correspondant
Distribution des résultats
% des personnes avec chaque résultat
Percentile par nombre de réponses
Votre historique - résultats
Vous n’avez pas pris ce quiz